000
00304nam a2200109Ia 4500
008
220204s9999 xx 000 0 und d
082
_a
658.2
_b
SHO
100
_a
Shoshkes, Lila
245
0
_a
Space designing: Designing the office environment
260
_a
New York
_b
Architectural record
_c
1976
942
_c
BK
999
_c
26457
_d
26457